000 00780nam a2200253Ia 4500
003 OSt
005 20220928105557.0
006 a|||||r|||| 00| 0
007 ta
008 220927b |||||||| |||| 00| 0 hin d
020 _cINR 995.00
024 _a136212
037 _b1296, 02/11/2017, Shivanjali Prakashan & Book Seller
_cTextual
040 _aSDCL
_cSDCL
_bhin
041 _2hin
_ahin
082 _a4:( D6,8(2) ), Q7
100 _aSingh Nagendra Kumar
_9415856
245 0 _aVigyapan takniki
260 _aNew Delhi
_bSavraj Prakashan
_c2017
300 _a368p.
_ccm.
650 _aHindi
_9391598
942 _h4:( D6,8(2) ), Q7
_cTEXL
_2CC
999 _c731754
_d731754